LEADER 02356nam0 2200529 i 450 001 RAV0063744 005 20251003044321.0 010 $a8802036918 020 $aIT$b84-13925 100 $a19890912d1983 ||||0itac50 ba 101 | $aita 102 $ait 181 1$6z01$ai $bxxxe 182 1$6z01$an 200 1 $aGabriele D'Annunzio$fPaolo Alatri 210 $aTorino$cUTET$dc1983 215 $aXII, 669 p., \25! c. di tav.$cill.$d24 cm. 225 | $aˆLa ‰vita sociale della nuova Italia$v31 312 $aTit. in cop.: D'Annunzio.$9CFI0061663 410 0$1001CFI0039111$12001 $aˆLa ‰vita sociale della nuova Italia$v31 517 1 $aD'Annunzio.$9CFI0061663 606 $aD'Annunzio, Gabriele$2FIR$3CFIC005994$9E 676 $a851.912$9POESIA ITALIANA. 1900-1945$v19 676 $a851.912$9POESIA ITALIANA. 1900-1945$v20 676 $a851.912$9POESIA ITALIANA, 1900-1945$v21 676 $a851.912$9Poesia italiana. 1900-1945$v22 676 $a851.912$9POESIA ITALIANA, 1900-1945$v23 676 $a858.9$9SCRITTI MISCELLANEI ITALIANI. 1900-$v19 676 $a920$9Biografia, genealogia, insegne$v14 676 $a923$9$v21 676 $a945.091092$9STORIA D'ITALIA. REGNO DI VITTORIO EMANUELE III, 1900-1946. Persone$v20 700 1$aAlatri$b, Paolo$3CFIV006329$4070$0157824 790 1$aRomano$b, Paolo$f <1918-1996>$3SBNV005168$zAlatri, Paolo 801 3$aIT$bIT-000000$c19890912 850 $aIT-BN0095 $aIT-AV0001 $aIT-AV0003 $aIT-AV0007 $aIT-NA0300 $aIT-NA0070 $aIT-SA0199 $aIT-CE0127 $aIT-NA0581 $aIT-BN0052 $aIT-BN0015 901 $bNAP BU$c1 B $nPropedeutica. Formato cm. 20,1-28. 901 $bNAP FC$cCONTINUAZ.$n$ 901 $bNAP CO$cBIBLIOTECA$n$ 901 $bNAP AL$cVILLANI $n$ 901 $bNAP AV$cSEZ. M $nSezione Moderna 901 $bNAP AR$cP. CICCONE$nDONAZIONE 901 $bNAP CT$cSEZ.GEN. $n$ 912 $aRAV0063744 950 0$aBiblioteca Centralizzata di Ateneo$cv. 2-9;12-15;17-23;25-31;33-40$d 01COLL. ITA VITSDN$e 01AR 0070082535 VMA (0031 1 v.$fB $h20250611$i20250611 977 $a 01$a AL$a AR$a AV$a BC$a BU$a CO$a CT$a FC$a MG$a PB 996 $aD'Annunzio$9204652 997 $aUNISANNIO